| 000 | 00935nam a2200325 a 4500 | ||
|---|---|---|---|
| 003 | AR-BaBNM | ||
| 005 | 20251128203829.0 | ||
| 008 | 082120s2002 ||||||||||||||000 | spa|| | ||
| 040 | _cAR-BaBNM | ||
| 110 | 1 | _aArgentina | |
| 240 | 1 | 0 | _aCódigo de Comercio |
| 245 | 0 | 0 |
_aCódigo de comercio y leyes complementarias _bcomentados y concordados : artículos 1 a 449 _n1 |
| 250 | _a1ª ed. | ||
| 260 |
_aBuenos Aires _bDepalma _c1971 |
||
| 300 | _axvii, 566 p. | ||
| 490 | 0 | _aLegislación argentina vigente | |
| 500 | _aIndice p. xiii-xiv | ||
| 500 | _aAbreviaturas p. xv-xvii | ||
| 504 | _aBibliografía a pie de página | ||
| 650 | 4 | _aDERECHO | |
| 650 | 4 | _aDERECHO COMERCIAL | |
| 650 | 4 | _aCODIGO COMERCIAL | |
| 650 | 4 | _aCOMERCIANTES | |
| 650 | 4 | _aOBLIGACIONES | |
| 650 | 4 | _aCONTRATOS | |
| 650 | 4 | _aLEGISLACION ARGENTINA | |
| 700 | 1 |
_aZavala Rodríguez, Carlos Juan _ecomentarista |
|
| 942 | _cBK | ||
| 998 | _cAndrea | ||
| 999 |
_c5084 _d5084 |
||